000 00345nam a2200157Ia 4500
003 Ost
005 20260225132555.0
008 260225s9999||||xx |||||||||||||| ||und||
040 _cfsic
041 _afre
082 _a440
100 _aJean Tulard
_eAuteur
245 0 _aDictionnaire du cinéma /
245 0 _cJean Tulard
942 _cكتاب
999 _c34419
_d34419